000 00361nam a2200133Ia 4500
008 151001s9999||||xx |||||||||||||| ||und||
100 _aहरी नारायण आपटे
245 _aरुपनगरची राजकन्या
250 _a1
260 _bपटवर्धन वि अ
260 _c1970
300 _a136
365 _b17
999 _c958969
_d958966